Вып. 33; Обогащение полезных ископаемых

Detalhes bibliográficos
Parent link:Обогащение полезных ископаемых: республиканский межведомственный научно-технический сборник/ отв ред. В. И. Кармазина. Вып. 33.— , 1967-1986
Idioma:russo
Publicado em: 1983
Assuntos:
Formato: MixedMaterials Livro
KOHA link:https://koha.lib.tpu.ru/cgi-bin/koha/opac-detail.pl?biblionumber=291071

MARC

LEADER 00000nam2a2200000 4500
001 291071
005 20231102000342.0
035 |a (RuTPU)RU\TPU\book\315633 
035 |a RU\TPU\book\355677 
035 |a RU\TPU\book\355678 
035 |a RU\TPU\book\310081 
090 |a 291071 
100 |a 20170323d1983 k y0rusy50 ca 
101 0 |a rus 
102 |a UA 
105 |a a z 001zy 
200 0 |a Вып. 33 
210 |d 1983 
215 |a 109 с.  |c ил. 
320 |a Библиогр. в конце ст. 
461 1 |0 (RuTPU)RU\TPU\book\184784  |t Обогащение полезных ископаемых  |o республиканский межведомственный научно-технический сборник  |f отв ред. В. И. Кармазина  |v Вып. 33  |d 1967-1986 
606 1 |a Полезные ископаемые  |x Обогащение  |2 stltpush  |3 (RuTPU)RU\TPU\subj\50091  |9 68840 
610 1 |a сепарация 
610 1 |a флотация 
610 1 |a гравитация 
610 1 |a математическое моделирование 
610 1 |a обогатительные процессы 
610 1 |a обогатительные фабрики 
610 1 |a дробилки 
610 1 |a шлам 
610 1 |a реагенты 
675 |a 622.7  |v 3 
801 0 |a RU  |b RuMRKP  |c 19950704  |g psbo 
801 1 |a RU  |b 63413507  |c 20150410 
801 2 |a RU  |b 63413507  |c 20200826  |g RCR 
942 |c BK